Normal view MARC view

Entry Personal Name

Number of records used in: 1

001 - CONTROL NUMBER

  • control field: 264512

003 - CONTROL NUMBER IDENTIFIER

  • control field: OSt

005 - DATE AND TIME OF LATEST TRANSACTION

  • control field: 20260525150154.0

008 - FIXED-LENGTH DATA ELEMENTS

  • fixed length control field: 260525|| aca||aabn | a|a d

040 ## - CATALOGING SOURCE

  • Original cataloging agency: OSt
  • Transcribing agency: OSt

100 ## - HEADING--PERSONAL NAME

  • Personal name: Vilyam Madta. ed
  • Dates associated with a name: ವಿಲ್ಯಾಂ ಮಾಡ್ತಾ

670 ## - SOURCE DATA FOUND

  • Source citation: Work cat.: (OSt)99312: Vilyam Madta. ed ವಿಲ್ಯಾಂ ಮಾಡ್ತಾ., Janapada sahitya darshana. Bhaga 16. Togalu gombeyata. , 1994